King Crimson Members by Albums 1-7 - Statistics

General Stats
  • This quiz has been taken 27 times
  • The average score is 23 of 34
Answer Stats
Hint Answer % Correct
Electric and acoustic guitar Robert Fripp
100%
Electric and acoustic guitar, mellotron Robert Fripp
100%
Electric and acoustic guitar, mellotron Robert Fripp
100%
Electric and acoustic guitar, mellotron Robert Fripp
100%
Electric and acoustic guitar, mellotron Robert Fripp
100%
Electric guitar, mellotron Robert Fripp
100%
Electric and acoustic guitar, mellotron Robert Fripp
100%
Drums Bill Bruford
90%
Drums Bill Bruford
90%
Drums Bill Bruford
90%
Vocals,bass guitar Greg Lake
85%
Vocals Greg Lake
85%
Vocals, bass guitar John Wetton
80%
Vocals, bass guitar John Wetton
80%
Vocals, bass guitar John Wetton
80%
Saxophone, flute, clarinet Ian McDonald
70%
Lyrics Peter Sinfield
70%
Lyrics Peter Sinfield
70%
Lyrics Peter Sinfield
70%
Lyrics Peter Sinfield
70%
Violin, viola David Cross
65%
Violin, viola David Cross
65%
Bass guitar Peter Giles
50%
Additional percussion Jamie Muir
45%
Drums Micheal Giles
45%
Drums Micheal Giles
45%
Vocals, bass guitar Boz Burrell
40%
Vocals, bass guitar Gordon Haskell
40%
Saxophone, flute Mel Collins
30%
Saxophone, flute Mel Collins
30%
Saxophone, flute, bass flute Mel Collins
30%
Drums Andy McCulloch
25%
Drums Ian Wallace
25%
Piano Keith Tibbet
5%
No matching quizzes found
Score Distribution
Percent of People with Each Score
Percentile by Number Answered
Your Score History
You have not taken this quiz